Statystyki dla Figura szachowa.

Kliknij tutaj aby rozwiązać quiz!

Ogólne statystyki

  • Ten quiz został rozwiązany 48 razy
  • Średni wynik to 6 z 6

Statystyki odpowiedzi

Odpowiedź% Poprawnych
król
100%
królowa
100%
pionek
96%
wieża
96%
skoczek
87%
goniec
85%

Rozkład punktacji

Percentyl według liczby udzielonych odpowiedzi

Procent ludzi z każdym wynikiem

Twoja historia wyników

Nie rozwiązałeś tego quizu